Datum a čas kvízu
17
Celkem bodů
Celkový počet nahraných bodů na tomto kvízu bez doplňovacích otázek.
9.
Pořadí na kvízu
Konečné umístění týmu na tomto kvízu.
Zaznamenané odpovědi
| # | Otázka | Odpověď | Body | Výsledky |
|---|---|---|---|---|
| 1. | Více než 450 strážníků z 38 mě... | 0 | ||
| 2. | Drobná africká monarchie slaví... | 0 | ||
| 3. | Ve čtvrtek začal 31. ročník fi... | 0 | ||
| 4. | Česko a Slovensko dostaly od E... | 0 | ||
| 5. | Celkem kolikátý mistrovský tit... | 0 | ||
| 6. | Ve kterém městě (má asi 50 000... | 0 | ||
| 7. | Velký úspěch minulý rok zaznam... | 0 | ||
| 8. | Olga Sommerová je od roku 2014... | 0 | ||
| 9. | Režisérka Helena Třeštíková na... | 0 | ||
| 10. | Seřaďte tyto dokumenty podle j... | 0 |